[Event "Druzynowe Mistrzostwa Polski Niewidomych i Slabowidzacych w Szachach"]
[Site "Wielspin Wagrowiec"]
[Date "1899-12-30"]
[Round "6.3"]
[White "Kaciotys, Mieczyslaw"]
[Black "Skiera, Edward"]
[Result "1-0"]
[WhiteTitle "II+"]
[BlackTitle "II"]
[WhiteElo "1668"]
[BlackElo "1442"]

1. e4 d5 2. exd5 Qxd5 3. Nc3 Qd8 4. g3 Nf6 5. Bg2 c6 6. b3 g6 7. Bb2 Bg7 8. Ne4
O-O 9. Nxf6+ Bxf6 10. Bxf6 exf6 11. Ne2 Be6 12. Nc3 Re8 13. O-O Nd7 14. d4 Nb6
15. Ne2 f5 16. c3 Bd5 17. Nf4 Bxg2 18. Kxg2 Nd5 19. Qc1 Qd6 20. Nd3 b6 21. Ne5
Rad8 22. Qb2 Nf6 23. Rad1 Nd7 24. f4 f6 25. Nf3 Re4 26. Rd2 Rde8 27. Kg1 Qe6 28.
Rff2 h6 29. h4 Re3 30. Qc2 Kf7 31. Kf1 Qe4 32. Kg2 Kg7 33. c4 Qxc2 34. Rxc2 Kf7
35. Rfd2 Nf8 36. Kf2 R3e7 37. b4 a6 38. Rd3 Rd8 39. Ra3 Ra8 40. b5 cxb5 41. cxb5
a5 42. Rc6 Rb8 43. Rac3 Rbb7 44. Rd6 Red7 45. Rdc6 Ke7 46. Re3+ 1-0

[Event "Druzynowe Mistrzostwa Polski Niewidomych i Slabowidzacych w Szachach"]
[Site "Wielspin Wagrowiec"]
[Date "1899-12-30"]
[Round "6.4"]
[White "Spionkowski, Fabian"]
[Black "Perszewska, Krystyna"]
[Result "1-0"]
[WhiteTitle "II"]
[BlackTitle "I"]
[WhiteElo "1302"]
[BlackElo "1449"]

1. e4 e6 2. d4 d5 3. e5 c5 4. Bd3 cxd4 5. Nf3 Nc6 6. Qe2 Bc5 7. O-O Nge7 8. Re1
O-O 9. Bxh7+ Kh8 10. Bd3 Nf5 11. Ng5 g6 12. Qf3 Bb4 13. Qh3+ 1-0

[Event "Druzynowe Mistrzostwa Polski Niewidomych i Slabowidzacych w Szachach"]
[Site "Wielspin Wagrowiec"]
[Date "1899-12-30"]
[Round "6.5"]
[White "Stachanczyk, Jacek"]
[Black "Kowalczyk, Marian"]
[Result "1-0"]
[WhiteTitle "IM"]
[BlackTitle "I++"]
[WhiteElo "2188"]
[BlackElo "1946"]

1. e4 e5 2. Nf3 Nc6 3. Bc4 Nf6 4. Ng5 d5 5. exd5 Na5 6. d3 h6 7. Nf3 e4 8. Qe2
Qe7 9. dxe4 Nxc4 10. Qxc4 Qxe4+ 11. Qxe4+ Nxe4 12. O-O Bc5 13. Bf4 Bb6 14. Nbd2
Nxd2 15. Rfe1+ Kf8 16. Nxd2 Bf5 17. c4 f6 18. Nb3 g5 19. Bg3 c6 20. Bd6+ Kg8 21.
c5 Bd8 22. dxc6 bxc6 23. Nd4 Bd7 24. Rad1 Kf7 25. Rd3 Re8 26. Rxe8 Kxe8 27. Kf1
Kf7 28. Ke2 Be7 29. Bxe7 Kxe7 30. Ra3 Kd8 31. Kd3 Kc7 32. Kc4 Kb7 33. Re3 Re8
34. Rf3 Rf8 35. b3 h5 36. Re3 Re8 37. Rxe8 Bxe8 38. Nf5 Bf7+ 39. Kd4 Kc7 40. Nd6
Bg6 41. Ne4 Bxe4 42. Kxe4 Kd7 43. Kf5 Ke7 44. b4 a6 45. a3 h4 46. h3 Kf7 47. g3
hxg3 48. fxg3 1-0

[Event "Druzynowe Mistrzostwa Polski Niewidomych i Slabowidzacych w Szachach"]
[Site "Wielspin Wagrowiec"]
[Date "1899-12-30"]
[Round "6.6"]
[White "Niecko, Stanislaw"]
[Black "Dukaczewski, Piotr"]
[Result "0-1"]
[WhiteTitle "I+"]
[BlackTitle "IM"]
[WhiteElo "1795"]
[BlackElo "2229"]

1. Nf3 g6 2. g3 Bg7 3. Bg2 e5 4. d3 d5 5. O-O Ne7 6. c4 c6 7. cxd5 cxd5 8. Nc3
Nbc6 9. Bd2 O-O 10. Rc1 h6 11. a3 Be6 12. b4 d4 13. Na4 Bd5 14. Nc5 b6 15. Nb3
Qd6 16. Ne1 Bxg2 17. Nxg2 Nd5 18. Rc4 Nce7 19. Qe1 Kh7 20. f4 Rac8 21. fxe5 Qxe5
22. Rf2 Nc3 23. Bxc3 dxc3 24. d4 Qe6 25. Rxc8 Rxc8 26. Qc1 Nf5 27. Rf4 Rc4 28.
d5 Qe8 29. e4 Nd4 30. Nxd4 Rxd4 31. Rxf7 Rd2 32. Qf1 Qxe4 0-1

[Event "Druzynowe Mistrzostwa Polski Niewidomych i Slabowidzacych w Szachach"]
[Site "Wielspin Wagrowiec"]
[Date "1899-12-30"]
[Round "6.7"]
[White "Wolanski, Michal"]
[Black "Pociejowski, Marek"]
[Result "1-0"]
[WhiteTitle "I++"]
[BlackTitle "I++"]
[WhiteElo "1876"]
[BlackElo "1886"]

1. c4 e5 2. g3 Nf6 3. Nc3 d5 4. cxd5 Nxd5 5. Bg2 Nb6 6. Nf3 Nc6 7. d3 Be7 8. O-O
O-O 9. Be3 Nd5 10. Nxd5 Qxd5 11. Nd4 Qa5 12. Nxc6 bxc6 13. Bxc6 Rb8 14. Qc2 Be6
15. Rfc1 Rfc8 16. a3 Rb3 17. Bd7 Rxb2 18. Qxb2 Bxd7 19. Qc3 Qa6 20. Bc5 Bd8 21.
Rab1 Qe6 22. Bxa7 c5 23. Rb8 Rxb8 24. Bxb8 e4 25. dxe4 Qxe4 26. Rd1 Bf6 27. Rxd7
Qb1+ 28. Kg2 Qxb8 29. Qc4 Qe8 30. Rd5 Bd4 31. a4 g6 32. a5 Qe4+ 33. f3 Qe3 34.
Rxd4 cxd4 35. a6 Qa3 36. Qb5 h5 37. Qb8+ Kg7 38. a7 Qe3 39. Qb5 d3 40. Qb2+ Kh6
41. a8=Q dxe2 42. Qah8+ Kg5 43. Qbf6# 1-0

[Event "Druzynowe Mistrzostwa Polski Niewidomych i Slabowidzacych w Szachach"]
[Site "Wielspin Wagrowiec"]
[Date "1899-12-30"]
[Round "6.8"]
[White "Stolarczyk, Anna"]
[Black "Debowska, Teresa"]
[Result "1-0"]
[WhiteTitle "WCM"]
[BlackTitle "WFM"]
[WhiteElo "1947"]
[BlackElo "1721"]

1. d4 Nf6 2. Nf3 g6 3. g3 Bg7 4. Bg2 O-O 5. O-O d6 6. c4 Nbd7 7. Nc3 c6 8. h3 e5
9. e4 a6 10. Be3 Qa5 11. Rb1 b5 12. dxe5 dxe5 13. b4 Qc7 14. cxb5 axb5 15. Rc1
Qb8 16. Qd2 Re8 17. Rfd1 Nb6 18. Qd6 Nc4 19. Qxc6 Nxe3 20. fxe3 Bb7 21. Qxb5 Nxe4
22. Rd7 Nxc3 23. Rxc3 Bxf3 24. Qc4 Rf8 25. Bxf3 e4 26. Bxe4 Qxg3+ 27. Kf1 Bxc3
28. Bxa8 Qe1+ 29. Kg2 Qxe3 30. Bf3 Qg5+ 31. Kf2 Be1+ 32. Kxe1 Qg3+ 33. Ke2 Re8+
34. Be4 Qg2+ 35. Kd1 Qg1+ 36. Kd2 Qf2+ 37. Kc3 Qe1+ 38. Kb3 Qg3+ 39. Ka4 Qf4 40.
Rxf7 Qxe4 41. Rf4+ Qxc4 42. Rxc4 Ra8+ 43. Kb3 Ra7 44. b5 Kf7 45. b6 Ra6 46. b7
Rb6+ 47. Rb4 1-0

[Event "Druzynowe Mistrzostwa Polski Niewidomych i Slabowidzacych w Szachach"]
[Site "Wielspin Wagrowiec"]
[Date "1899-12-30"]
[Round "6.9"]
[White "Grzywacz, Ryszard"]
[Black "Chojnowski, Marcin"]
[Result "0-1"]
[WhiteTitle "I"]
[BlackTitle "k+"]
[WhiteElo "1704"]
[BlackElo "2066"]

1. e4 c5 2. Nc3 a6 3. Nf3 b5 4. d3 Nc6 5. Be2 d6 6. O-O e5 7. Nd5 Be7 8. b3 Nf6
9. Ne3 O-O 10. Bb2 Nd4 11. Qd2 a5 12. Bd1 b4 13. a3 bxa3 14. Bxa3 h6 15. Bb2 Be6
16. Bc3 Nc6 17. Be2 Qc7 18. Ra4 Ra6 19. Rfa1 Rfa8 20. Nd1 Bd7 21. Nb2 Nb4 22.
R4a3 Bb5 23. Bd1 Nd7 24. Nc4 Bd8 25. Ne3 Nc6 26. Bb2 Nd4 27. Ne1 0-1

[Event "Druzynowe Mistrzostwa Polski Niewidomych i Slabowidzacych w Szachach"]
[Site "Wielspin Wagrowiec"]
[Date "1899-12-30"]
[Round "6.10"]
[White "Suder, Ryszard"]
[Black "Pawlik, Tomasz"]
[Result "1-0"]
[WhiteTitle "k+"]
[BlackTitle "II+"]
[WhiteElo "2053"]
[BlackElo "1658"]

1. Nf3 Nf6 2. g3 e6 3. Bg2 d5 4. O-O Nbd7 5. d4 c5 6. c4 cxd4 7. Nxd4 e5 8. Nc2
dxc4 9. Ne3 Qc7 10. Qa4 Rb8 11. Qxc4 Qxc4 12. Nxc4 b6 13. Bc6 Ba6 14. Nxe5 Rc8
15. Bg5 Rc7 16. Rd1 Bb7 17. Ba4 Bc8 18. Nc3 h6 19. Bxf6 gxf6 20. Nxd7 Bxd7 21.
Rxd7 Rxd7 22. Rd1 1-0

[Event "Druzynowe Mistrzostwa Polski Niewidomych i Slabowidzacych w Szachach"]
[Site "Wielspin Wagrowiec"]
[Date "1899-12-30"]
[Round "6.11"]
[White "Binkowski, Kazimierz"]
[Black "Zoltek, Tadeusz"]
[Result "0-1"]
[WhiteTitle "II"]
[BlackTitle "FM"]
[WhiteElo "1567"]
[BlackElo "2095"]

1. c4 e6 2. Nf3 Nf6 3. Nc3 d5 4. e3 Be7 5. d4 O-O 6. c5 b6 7. b4 a5 8. Ba3 axb4
9. Bxb4 Na6 10. Bxa6 Bxa6 11. Ne5 Qe8 12. f3 bxc5 13. Bxc5 Bxc5 14. dxc5 Qe7 15.
Qd4 Nd7 16. Nxd7 Qxd7 17. e4 Bc4 18. Kf2 Qc6 19. e5 Ra5 20. a4 Rxc5 21. a5 Ba6
22. Rhc1 Rc4 23. Qd2 Qc5+ 24. Kg3 d4 25. Ne2 Rxc1 26. Rxc1 Qxe5+ 27. Kf2 Bxe2
28. Qxe2 Qxa5 29. Qc2 Rc8 30. Qc6 Qd2+ 31. Kg3 Qg5+ 32. Kf2 Qe3+ 33. Kg3 Qe5+
34. Kf2 h6 35. Re1 Qd5 36. Qa6 Ra8 37. Qd3 c5 38. Qe4 Ra2+ 39. Kg1 Qxe4 40. fxe4
d3 41. Rc1 Rc2 0-1

[Event "Druzynowe Mistrzostwa Polski Niewidomych i Slabowidzacych w Szachach"]
[Site "Wielspin Wagrowiec"]
[Date "1899-12-30"]
[Round "6.13"]
[White "Filipiak, Rajmund"]
[Black "Ruszczycki, Jacek"]
[Result "1/2-1/2"]
[WhiteTitle "II+"]
[BlackTitle "k"]
[WhiteElo "1693"]
[BlackElo "1859"]

1. d4 d5 2. Bf4 Nf6 3. e3 c6 4. Nf3 Qb6 5. b3 Bg4 6. Be2 Nbd7 7. O-O e6 8. h3 Bh5
9. c4 c5 10. Nc3 cxd4 11. exd4 Rc8 12. c5 Qa5 13. Qd2 a6 14. Nxd5 Qxd2 15. Nxf6+
Nxf6 16. Bxd2 Ne4 17. Ba5 Be7 18. Rfe1 Bd8 19. Bxd8 Rxd8 20. g4 Bg6 21. Rac1 Nf6
22. c6 Be4 23. cxb7 Bxb7 24. Rc7 Rd7 25. Rxd7 Nxd7 26. Rc1 Kd8 27. Ne5 Nxe5 28.
dxe5 Kd7 29. f4 f6 30. Rd1+ Ke7 31. Rd6 fxe5 32. fxe5 Rf8 33. Bxa6 Be4 34. Bd3
Bd5 35. Bc4 Rc8 36. Bxd5 exd5 37. Rxd5 Rc1+ 38. Kg2 Rc2+ 39. Kg3 Rxa2 40. Rb5
g5 41. Rb7+ Ke6 42. Rxh7 Kxe5 43. Rb7 Rc2 44. Rb5+ Kf6 45. Rf5+ Kg6 46. Rf3 Rc1
47. Kh2 Rb1 48. Kg2 1/2-1/2

[Event "Druzynowe Mistrzostwa Polski Niewidomych i Slabowidzacych w Szachach"]
[Site "Wielspin Wagrowiec"]
[Date "1899-12-30"]
[Round "6.14"]
[White "Wodas, Pawel"]
[Black "Barnowski, Sylwester"]
[Result "0-1"]
[WhiteTitle "I"]
[BlackTitle "I"]
[WhiteElo "1793"]
[BlackElo "1776"]

1. Nf3 f5 2. d4 Nf6 3. g3 d5 4. Bg2 e6 5. c4 c6 6. O-O Bd6 7. Nc3 O-O 8. b3 Nbd7
9. Qc2 Ne4 10. Bb2 Ndf6 11. Rad1 Bd7 12. Ne5 Qe8 13. e3 Rd8 14. Ne2 Ng5 15. a3
Qe7 16. Nf4 Nf7 17. Nfd3 a6 18. b4 Bxe5 19. dxe5 Ng4 20. h3 Ngh6 21. Bd4 Rde8
22. h4 Rb8 23. a4 g5 24. hxg5 Qxg5 25. Nf4 Ng4 26. Nh3 Qg7 27. f4 h5 28. cxd5
cxd5 29. Bxd5 Nxe3 30. Bxe3 exd5 31. Kh2 Bc6 32. Qxf5 Nh6 33. Qd3 Ng4+ 34. Kg1
Nxe5 35. Qd2 Qxg3+ 36. Qg2 Qxg2+ 37. Kxg2 d4+ 0-1

[Event "Druzynowe Mistrzostwa Polski Niewidomych i Slabowidzacych w Szachach"]
[Site "Wielspin Wagrowiec"]
[Date "1899-12-30"]
[Round "6.15"]
[White "Traczyk, Tadeusz"]
[Black "Szydlowski, Wiktor"]
[Result "1-0"]
[WhiteTitle "I"]
[BlackTitle "I"]
[WhiteElo "1811"]
[BlackElo "1724"]

1. e4 e5 2. d4 exd4 3. Qxd4 Nc6 4. Qe3 Bb4+ 5. Nc3 Qf6 6. Bd2 d6 7. f4 Nh6 8. h3
O-O 9. O-O-O Re8 10. g4 Bc5 11. Qf3 Bxg1 12. Rxg1 Qg6 13. f5 Nd4 14. Qf2 Qf6 15.
g5 Ng4 16. hxg4 Qe5 17. g6 b5 18. gxh7+ Kh8 19. Bf4 Qc5 1-0

[Event "Druzynowe Mistrzostwa Polski Niewidomych i Slabowidzacych w Szachach"]
[Site "Wielspin Wagrowiec"]
[Date "1899-12-30"]
[Round "6.16"]
[White "Pawelec, Bartosz"]
[Black "Inglot, Marian"]
[Result "1-0"]
[WhiteTitle "k"]
[BlackTitle "II"]
[WhiteElo "1978"]
[BlackElo "1410"]

1. d4 d5 2. Bg5 f6 3. Bf4 Nc6 4. Nf3 Bg4 5. Nc3 e6 6. Qd2 Bxf3 7. gxf3 Bd6 8. Rg1
Bxf4 9. Qxf4 Qe7 10. O-O-O O-O-O 11. Bh3 a6 12. Qg4 Rd6 13. Nxd5 Rxd5 14. Qxe6+
Qxe6 15. Bxe6+ Kd8 16. Bxd5 Nb4 17. Bc4 1-0

[Event "Druzynowe Mistrzostwa Polski Niewidomych i Slabowidzacych w Szachach"]
[Site "Wielspin Wagrowiec"]
[Date "1899-12-30"]
[Round "6.17"]
[White "Bialas, Stanislaw"]
[Black "Lipski, Tadeusz"]
[Result "0-1"]
[WhiteTitle "II"]
[BlackTitle "m"]
[WhiteElo "1465"]
[BlackElo "1789"]

1. e4 e5 2. Bc4 Nf6 3. Nf3 Nc6 4. c3 Nxe4 5. O-O Be7 6. Re1 Nd6 7. Bb3 e4 8. Nd4
Ne5 9. Bc2 c5 10. Ne2 O-O 11. d4 exd3 12. Bxd3 Nxd3 13. Qxd3 Re8 14. Bf4 Qb6 15.
b3 Qc6 16. Nd2 b6 17. Ng3 Bb7 18. Nf3 Bf8 19. Re3 Rxe3 20. Bxe3 Ne8 21. Rd1 d6
22. Ne1 Nc7 23. c4 Re8 24. f3 d5 25. Kf2 dxc4 26. bxc4 Ne6 27. Nf5 Qc7 28. g3
g6 29. Nh6+ Bxh6 30. Bxh6 Nd4 31. Be3 Ne6 32. Qd7 Qb8 33. Qa4 Qa8 34. Qc2 Qc8
35. Qb2 Ng7 36. Bh6 Nf5 37. Bg5 Qc6 38. Kf1 Nd4 0-1

[Event "Druzynowe Mistrzostwa Polski Niewidomych i Slabowidzacych w Szachach"]
[Site "Wielspin Wagrowiec"]
[Date "1899-12-30"]
[Round "6.18"]
[White "Wojcieszyn, Zdzislaw"]
[Black "Jagiela, Andrzej"]
[Result "1-0"]
[WhiteTitle "k"]
[BlackTitle "I"]
[WhiteElo "1904"]
[BlackElo "1737"]

1. c4 c5 2. Nc3 Nc6 3. g3 Nf6 4. Bg2 Qc7 5. Nf3 e6 6. d4 cxd4 7. Nxd4 a6 8. e4
Be7 9. O-O O-O 10. Be3 Ne8 11. a3 Bf6 12. Nxc6 dxc6 13. Qd3 e5 14. Na4 Be7 15.
Rfd1 Nf6 16. Bb6 Qd7 17. Qc3 Qe6 18. Rd2 Nd7 19. Rad1 h6 20. b4 Nxb6 21. Nxb6
Rb8 22. h4 1-0

[Event "Druzynowe Mistrzostwa Polski Niewidomych i Slabowidzacych w Szachach"]
[Site "Wielspin Wagrowiec"]
[Date "1899-12-30"]
[Round "7.2"]
[White "Zelajtys, Jozef"]
[Black "Bialas, Stanislaw"]
[Result "1-0"]
[WhiteTitle "I"]
[BlackTitle "II"]
[WhiteElo "1704"]
[BlackElo "1465"]

1. e4 e5 2. Nf3 Nc6 3. Bb5 Nge7 4. O-O a6 5. Ba4 d5 6. exd5 Qxd5 7. Nc3 Qd6 8.
Re1 Bd7 9. Ne4 Qg6 10. c3 O-O-O 11. Bc2 Bf5 12. Nh4 Qg4 13. Nxf5 Qxd1 14. Nxe7+
Bxe7 15. Bxd1 f5 16. Ng3 1-0

[Event "Druzynowe Mistrzostwa Polski Niewidomych i Slabowidzacych w Szachach"]
[Site "Wielspin Wagrowiec"]
[Date "1899-12-30"]
[Round "7.3"]
[White "Jagiela, Andrzej"]
[Black "Kaciotys, Mieczyslaw"]
[Result "0-1"]
[WhiteTitle "I"]
[BlackTitle "II+"]
[WhiteElo "1737"]
[BlackElo "1668"]

1. e4 e5 2. Nf3 Nc6 3. Bb5 Nge7 4. Bc4 d5 5. exd5 Nxd5 6. O-O Nb6 7. Bb5 Bd6 8.
Bxc6+ bxc6 9. h3 O-O 10. d3 h6 11. b3 Re8 12. Nbd2 Be6 13. Bb2 Nd7 14. Re1 Bd5
15. Ne4 Bxe4 16. dxe4 Rb8 17. Qe2 c5 18. Rad1 Qc8 19. c4 Qa6 20. Bc3 Nf6 21. Qb2
Nd7 22. Ra1 Qb7 23. Rad1 Nb6 24. Nxe5 Bxe5 25. Bxe5 Nxc4 26. Qc3 Nxe5 27. Qxc5
Qb6 28. Qc3 Ng6 29. Rd7 c5 30. Qg3 Rbd8 31. Rxd8 Rxd8 32. Qc3 Qb4 33. Qxb4 cxb4
34. f3 Rc8 35. Rd1 Rc2 36. Rd4 a5 37. a3 bxa3 38. Ra4 a2 39. Kh2 Nf4 40. Kg3 Nxg2
41. Rxa5 Ne3 42. b4 Rb2 43. b5 0-1

[Event "Druzynowe Mistrzostwa Polski Niewidomych i Slabowidzacych w Szachach"]
[Site "Wielspin Wagrowiec"]
[Date "1899-12-30"]
[Round "7.4"]
[White "Perszewska, Krystyna"]
[Black "Jagiela, Elzbieta"]
[Result "1/2-1/2"]
[WhiteTitle "I"]
[BlackTitle "II"]
[WhiteElo "1449"]
[BlackElo "1412"]

1. d4 d5 2. c4 Nf6 3. Nc3 e6 4. Nf3 Bd6 5. Bg5 Nbd7 6. e3 h6 7. Bh4 Be7 8. Bd3
b6 9. O-O O-O 10. cxd5 Nxd5 11. Bxe7 Qxe7 12. Rc1 Nxc3 13. Rxc3 c5 14. Be4 Rb8
15. a3 Bb7 16. Bxb7 Rxb7 17. Qc2 cxd4 18. exd4 Qf6 19. Rc7 Rxc7 20. Qxc7 Qd8 21.
Rc1 Qxc7 22. Rxc7 Nf6 23. Rxa7 Rc8 24. g3 Nd5 25. Ne5 f6 26. Nd3 Rc4 27. Ne1 Rxd4
28. Nf3 Rd3 29. Kg2 g5 30. h4 gxh4 31. Nxh4 1/2-1/2

[Event "Druzynowe Mistrzostwa Polski Niewidomych i Slabowidzacych w Szachach"]
[Site "Wielspin Wagrowiec"]
[Date "1899-12-30"]
[Round "7.5"]
[White "Wodas, Pawel"]
[Black "Pawelec, Bartosz"]
[Result "0-1"]
[WhiteTitle "I"]
[BlackTitle "k"]
[WhiteElo "1793"]
[BlackElo "1978"]

1. e4 Nc6 2. Nf3 d5 3. exd5 Qxd5 4. Nc3 Qd6 5. Nb5 Qd8 6. d4 a6 7. Nc3 Bg4 8. Be3
e6 9. Be2 Nf6 10. h3 Bh5 11. a3 Be7 12. Qd2 O-O 13. Ne5 Bxe2 14. Nxc6 bxc6 15.
Qxe2 Nd5 16. Ne4 Qb8 17. Bc1 Qb6 18. c3 Rfe8 19. O-O Rab8 20. Qd3 Nf6 21. Nd2
c5 22. Nc4 Qb5 23. a4 Qb7 24. dxc5 Bxc5 25. b4 Rbd8 26. Qe2 Be7 27. Na5 Qa8 28.
Qc4 Nd5 29. Nc6 Rd6 30. Nd4 Bf6 31. Bb2 Nf4 32. f3 Qa7 33. Kh2 Nd5 34. Rae1 Rc8
35. Nb3 Ne3 36. Rxe3 Qxe3 37. Nc5 Qd2 38. Ne4 Be5+ 39. f4 Bxf4+ 40. Rxf4 Qxf4+
41. g3 Rd2+ 0-1

[Event "Druzynowe Mistrzostwa Polski Niewidomych i Slabowidzacych w Szachach"]
[Site "Wielspin Wagrowiec"]
[Date "1899-12-30"]
[Round "7.6"]
[White "Lipski, Tadeusz"]
[Black "Kopiec, Miroslaw"]
[Result "1-0"]
[WhiteTitle "m"]
[BlackTitle "II+"]
[WhiteElo "1789"]
[BlackElo "1705"]

1. d4 d5 2. Nc3 e6 3. e4 Nf6 4. Bg5 Be7 5. e5 Nfd7 6. h4 c5 7. Bxe7 Qxe7 8. Nb5
O-O 9. Nc7 Nb6 10. Nxa8 Nxa8 11. f4 cxd4 12. Qxd4 Nc6 13. Qd2 Rd8 14. Nf3 Qb4
15. c3 Qe4+ 16. Kf2 Qa4 17. Bd3 Ne7 18. Bc2 Qa6 19. Nd4 Nf5 20. g4 Nxd4 21. cxd4
Nb6 22. Qd3 Qxd3 23. Bxd3 Nc4 24. b3 Nd2 25. Rhd1 Ne4+ 26. Bxe4 dxe4 27. Ke3 Bd7
28. Kxe4 Bc6+ 29. Ke3 h6 30. Rac1 Kf8 31. Rc5 Ke7 32. Rdc1 Rc8 33. b4 a6 34. a4
Rb8 35. b5 axb5 36. axb5 Bd5 37. Rc8 Rxc8 38. Rxc8 f6 39. Rc7+ Kf8 40. exf6 gxf6
41. b6 Kg8 42. f5 e5 43. dxe5 fxe5 44. Re7 e4 45. Rxe4 1-0

[Event "Druzynowe Mistrzostwa Polski Niewidomych i Slabowidzacych w Szachach"]
[Site "Wielspin Wagrowiec"]
[Date "1899-12-30"]
[Round "7.7"]
[White "Szydlowski, Wiktor"]
[Black "Wojcieszyn, Zdzislaw"]
[Result "0-1"]
[WhiteTitle "I"]
[BlackTitle "k"]
[WhiteElo "1724"]
[BlackElo "1904"]

1. e4 c5 2. Nf3 Nc6 3. g3 g6 4. Bg2 Bg7 5. O-O Nf6 6. d3 O-O 7. Nc3 Rb8 8. Rb1
b5 9. Be3 d6 10. e5 Ng4 11. exd6 exd6 12. Bg5 Qa5 13. h3 Nf6 14. d4 b4 15. Ne2
Qxa2 16. dxc5 dxc5 17. b3 Rd8 18. Qc1 Bf5 19. Ne1 Qa6 20. Nd3 c4 21. bxc4 Qxc4
22. Nef4 Nd4 23. g4 Bxd3 24. cxd3 Qxc1 25. Rfxc1 b3 26. Rc7 a5 27. Ra7 b2 28.
Rxa5 Rdc8 29. Nd5 Nxd5 30. Bxd5 Ne2+ 31. Kg2 Nc3 0-1

[Event "Druzynowe Mistrzostwa Polski Niewidomych i Slabowidzacych w Szachach"]
[Site "Wielspin Wagrowiec"]
[Date "1899-12-30"]
[Round "7.8"]
[White "Chojnowski, Marcin"]
[Black "Filipiak, Rajmund"]
[Result "1-0"]
[WhiteTitle "k+"]
[BlackTitle "II+"]
[WhiteElo "2066"]
[BlackElo "1693"]

1. Nf3 d5 2. d4 e6 3. c4 c6 4. e3 f5 5. g4 fxg4 6. Ne5 Nf6 7. Nxg4 Nbd7 8. Nc3
Bd6 9. Bd2 Qe7 10. f4 Nxg4 11. Qxg4 Nf6 12. Qg2 Bd7 13. O-O-O O-O-O 14. Bd3 g6
15. Kb1 Kb8 16. Ne2 Bb4 17. c5 Bxd2 18. Rxd2 Kc7 19. Ng1 Be8 20. Nf3 Rb8 21. Qg5
Kd8 22. h4 Nd7 23. h5 gxh5 24. Rg2 b6 25. cxb6 Rxb6 26. Rhg1 a5 27. Bc2 Rb4 28.
Qh6 Qf6 29. Qxf6+ Nxf6 30. Ne5 Rb6 31. Rg7 Ng4 32. Nxg4 hxg4 33. R1xg4 Bg6 34.
Bxg6 hxg6 35. R4xg6 Rh1+ 36. Rg1 Rh2 37. R7g2 Rh3 38. Rg7 Rh2 39. b3 Ke8 40. Ra7
Kf8 41. Rgg7 a4 42. Rgc7 Rb8 43. Rxa4 Rh3 44. Rxc6 Rxe3 45. f5 exf5 46. Rf6+ Ke7
47. Rxf5 Ke6 48. Rh5 Rf8 49. Ra6+ Kf7 50. Rf5+ Ke7 51. Ra7+ 1-0

[Event "Druzynowe Mistrzostwa Polski Niewidomych i Slabowidzacych w Szachach"]
[Site "Wielspin Wagrowiec"]
[Date "1899-12-30"]
[Round "7.9"]
[White "Barnowski, Sylwester"]
[Black "Suder, Ryszard"]
[Result "0-1"]
[WhiteTitle "I"]
[BlackTitle "k+"]
[WhiteElo "1776"]
[BlackElo "2053"]

1. d4 Nf6 2. c3 g6 3. Bg5 Bg7 4. Bxf6 exf6 5. e4 O-O 6. Bd3 d5 7. Ne2 c6 8. O-O
dxe4 9. Bxe4 f5 10. Bc2 Nd7 11. Nd2 Nf6 12. Nf4 Qc7 13. Nd3 b6 14. Nf3 Bb7 15.
Nfe5 Nd5 16. c4 Ne7 17. f4 Rad8 18. Nc1 f6 19. Nf3 Qxf4 20. Qe2 Rfe8 21. Nd3 Qb8
22. Qf2 Nc8 23. c5 Ne7 24. Rfe1 Nd5 25. Bb3 Kf8 26. Rxe8+ Rxe8 27. Bxd5 cxd5 28.
cxb6 axb6 29. Qd2 Qd6 30. Rc1 Kf7 31. Kf2 g5 32. g3 Bf8 33. Re1 Re4 34. Qc3 Ba6
35. a3 h5 36. Nd2 Rxe1 37. Nxe1 f4 38. Qc2 fxg3+ 39. hxg3 Kg7 40. Qf5 Qd8 41.
Qf3 Kg6 42. b4 Qd7 43. Kg2 Qe6 44. Nc2 Bd6 45. Ne3 g4 46. Qf2 f5 47. Nc2 Bd3 48.
Ne1 Be4+ 49. Nxe4 Qxe4+ 50. Kg1 f4 51. gxf4 Bxf4 52. Qc2 Be3+ 53. Kf1 Bxd4 54.
Qxe4+ dxe4 55. a4 h4 56. a5 bxa5 57. bxa5 h3 58. Nc2 Bc5 59. a6 g3 0-1

[Event "Druzynowe Mistrzostwa Polski Niewidomych i Slabowidzacych w Szachach"]
[Site "Wielspin Wagrowiec"]
[Date "1899-12-30"]
[Round "7.10"]
[White "Zoltek, Tadeusz"]
[Black "Traczyk, Tadeusz"]
[Result "1-0"]
[WhiteTitle "FM"]
[BlackTitle "I"]
[WhiteElo "2095"]
[BlackElo "1811"]

1. Nf3 d5 2. d4 Nf6 3. c4 e6 4. Nc3 c6 5. cxd5 exd5 6. Bg5 Bb4 7. Qb3 Bxc3+ 8.
bxc3 Nbd7 9. e3 O-O 10. Bd3 Re8 11. O-O h6 12. Bh4 Nf8 13. c4 dxc4 14. Bxc4 Ne6
15. Ne5 Qb6 16. Bxf6 Qxb3 17. Bxb3 gxf6 18. Nd3 Rb8 19. Rfc1 Rd8 20. f3 Kg7 21.
Kf2 Nc7 22. Nf4 Ne6 23. Nh5+ Kg6 24. g4 f5 25. gxf5+ Kxh5 26. fxe6 Bxe6 27. Rc5+
Kg6 28. Rg1+ Kf6 29. Rh5 Rh8 30. Bxe6 fxe6 31. Rg4 Rbd8 32. Rgh4 Kg6 33. Re5 Kf6
34. Rf4+ Ke7 35. Rfe4 Rd6 36. f4 Rf8 37. Ke2 Rf6 38. Ra5 a6 39. Ra3 Rd5 40. Rb3
Rb5 41. Rxb5 axb5 42. Re5 Kd6 43. Rh5 Ke7 44. Kf3 Kf7 45. e4 Kg6 46. Rc5 Kf7 47.
Rc3 Ke7 48. Ra3 Rf8 49. Ra7 Rb8 50. e5 Kf7 51. Ke4 Kg6 52. Ra3 Kf7 53. Rh3 Kg6
54. Rg3+ Kf7 55. f5 exf5+ 56. Kxf5 Ra8 57. e6+ Kf8 58. Kf6 Rxa2 59. e7+ Ke8 60.
Rg8+ 1-0

[Event "Druzynowe Mistrzostwa Polski Niewidomych i Slabowidzacych w Szachach"]
[Site "Wielspin Wagrowiec"]
[Date "1899-12-30"]
[Round "7.11"]
[White "Golebiowska-fryga, Barbara"]
[Black "Malcer, Joanna"]
[Result "1-0"]
[WhiteTitle "II"]
[BlackTitle "I"]
[WhiteElo "1263"]
[BlackElo "1538"]

1. d4 d5 2. c3 e6 3. e3 Nf6 4. Bd3 Be7 5. Nf3 O-O 6. O-O Nbd7 7. Ne5 c5 8. Nxd7
Bxd7 9. Re1 c4 10. Bc2 b5 11. Nd2 Bc6 12. Nf3 Bb7 13. a3 a5 14. Bd2 a4 15. Ne5
Bd6 16. Qb1 g6 17. Qc1 Qc7 18. f4 Bxe5 19. fxe5 Nd7 20. Rf1 f6 21. exf6 Nxf6 22.
Qe1 Ng4 23. Qg3 Qxg3 24. hxg3 Nf6 25. Rae1 Rae8 26. Rf4 Nh5 27. Rxf8+ Rxf8 28.
g4 Nf6 29. Rf1 Nxg4 30. Rxf8+ Kxf8 31. Bd1 Nf6 32. Be1 Ne4 33. Bg4 Kf7 34. Bf3
Ng5 35. Be2 Bc6 36. Bh4 Ne4 37. Be1 Kf6 38. Bf3 Kf5 39. Kh2 h5 40. g3 Ng5 41.
Be2 Ke4 42. Kg2 Bd7 43. Bf2 Bc6 44. Bd1 Be8 45. Bc2# 1-0

[Event "Druzynowe Mistrzostwa Polski Niewidomych i Slabowidzacych w Szachach"]
[Site "Wielspin Wagrowiec"]
[Date "1899-12-30"]
[Round "7.12"]
[White "Kowalczyk, Marian"]
[Black "Grzywacz, Ryszard"]
[Result "0-1"]
[WhiteTitle "I++"]
[BlackTitle "I"]
[WhiteElo "1946"]
[BlackElo "1704"]

1. e4 e5 2. Nf3 d6 3. d4 exd4 4. Nxd4 Be7 5. Bc4 Nf6 6. Nc3 O-O 7. O-O c6 8. a4
Nxe4 9. Nxe4 d5 10. Bd3 dxe4 11. Bxe4 Bf6 12. c3 Re8 13. Bc2 Nd7 14. Bf4 Ne5 15.
Re1 Ng6 16. Rxe8+ Qxe8 17. Bg3 Bxd4 18. Qxd4 Be6 19. h4 b6 20. Re1 Rd8 21. Qe4
Qd7 22. Rd1 Bd5 23. Qd3 Qg4 24. Qf5 Qe2 25. h5 Nf8 26. Rd4 Re8 27. Bd6 Be6 28.
Qe4 Qxh5 29. Qxc6 Nd7 30. g4 Qh3 31. Qe4 0-1

[Event "Druzynowe Mistrzostwa Polski Niewidomych i Slabowidzacych w Szachach"]
[Site "Wielspin Wagrowiec"]
[Date "1899-12-30"]
[Round "7.13"]
[White "Pawlik, Tomasz"]
[Black "Pociejowski, Marek"]
[Result "0-1"]
[WhiteTitle "II+"]
[BlackTitle "I++"]
[WhiteElo "1658"]
[BlackElo "1886"]

1. e4 Nf6 2. e5 Nd5 3. d4 d6 4. Nf3 dxe5 5. Nxe5 c6 6. Bc4 Be6 7. Bb3 g6 8. c4
Nb6 9. O-O Bg7 10. Nc3 Bxe5 11. dxe5 Qxd1 12. Rxd1 Bxc4 13. Bc2 N8d7 14. b3 Be6
15. Bf4 Nd5 16. Nxd5 Bxd5 17. Rd2 h6 18. b4 e6 19. Bb3 g5 20. Bg3 a6 21. f4 f5
22. Bxd5 exd5 23. Re1 Ke7 24. h4 g4 25. Bf2 Ke6 26. g3 Rhc8 27. Rc1 Ke7 28. Kf1
Nf8 29. Ke2 Ne6 30. Kd3 a5 31. Rb2 axb4 32. Rxb4 b5 33. Rc2 Kd7 34. a4 Rxa4 35.
Rxa4 bxa4 36. Ra2 Ra8 37. Kc3 c5 38. Kb2 Kc6 39. Ka3 d4 40. Rb2 Nc7 41. Rc2 Nb5+
0-1